000 00622nam a2200181Ia 4500
008 151018s9999 xx 000 0 und d
082 _bRBASDV17251
_a891.463
100 _aउषादेवी विजय कोल्हाटकर
245 _aपिंजरा
250 _b1
260 _bइंद्रायणी साहित्य
_c1982
300 _a110
600 _aउषादेवी विजय कोल्हाटकर
630 _aपिंजरा
700 _aउषादेवी विजय कोल्हाटकर
730 _aपिंजरा
942 _cBOOK
999 _c1017934
_d1017931